Todos los campeones de Roland Garros de la Era Abierta - ATP - Estadísticas

Estadísticas generales
  • Esta prueba ha sido intentada 48 veces
  • La puntuación promedio es 35 de 57
Estadísticas de respuestas
Año Apellido % Correcto
2025 Alcaraz
100%
2024 Alcaraz
100%
2023 Djokovic
100%
2021 Djokovic
100%
2016 Djokovic
100%
2022 Nadal
100%
2020 Nadal
100%
2019 Nadal
100%
2018 Nadal
100%
2017 Nadal
100%
2014 Nadal
100%
2012 Nadal
100%
2011 Nadal
100%
2010 Nadal
100%
2008 Nadal
100%
2007 Nadal
100%
2006 Nadal
100%
2005 Nadal
100%
2009 Federer
98%
1999 Agassi
81%
2015 Wawrinka
79%
1981 Borg
77%
1980 Borg
77%
1979 Borg
77%
1978 Borg
77%
1975 Borg
77%
1974 Borg
77%
2003 Ferrero
77%
1998 Moya
70%
2001 Kuerten
53%
2000 Kuerten
53%
1997 Kuerten
53%
2002 Costa
47%
1977 Vilas
42%
1987 Lendl
40%
1976 Lendl
40%
1984 Lendl
40%
1988 Wilander
40%
1985 Wilander
40%
1982 Wilander
40%
1994 Bruguera
37%
1993 Bruguera
37%
2004 Gaudio
37%
1992 Courier
35%
1991 Courier
35%
1983 Noah
28%
1969 Laver
26%
1973 Nastase
26%
1989 Chang
23%
1995 Muster
23%
1972 Gimeno
21%
1990 Gómez
12%
1996 Kafelnikov
9%
1968 Rosewall
9%
1971 Kodes
7%
1970 Kodes
7%
1976 Panatta
5%
No se encontraron pruebas coincidentes
Distribución de puntuación
Porcentaje de gente con cada puntuación
Porcentaje por número respondido
Historial de tus puntuaciones
No has intentado esta prueba.